| 000 | 01069cam a2200229 4500 | ||
|---|---|---|---|
| 001 | ABS67784 | ||
| 008 | 040602n2004 000 0 eng u | ||
| 035 | _a(Sirsi) u126388 | ||
| 100 | _aWilliamson, H. | ||
| 245 | 2 | _aA successful objection requires radical change | |
| 260 | _c2004 | ||
| 490 |
_aEstates Gazette _v(0418) 1 May 2004, 95(1) |
||
| 520 | _aDiscusses the effect of existing easements on new developments and considers that case law is confusing due to the lack of clarity in the guidance. For an objection to a new development to be successful, it needs to fulfil stringent requirements. Either the new use amounts to a nuisance to the neighbour's land or there must be a combination of a radical change in the character of the dominant land and a substantial increase in the burden on the subservient land. | ||
| 590 | _aABS | ||
| 590 | _aABS | ||
| 650 | _aDEVELOPMENTS | ||
| 650 | _aOBJECTIONS | ||
| 650 | _aMCADAMS HOMES LTD V ROBINSON AND ANOTHER | ||
| 650 | _aNUISANCE | ||
| 690 | _aBOUNDARIES, PARTY WALLS AND EASEMENTS | ||
| 942 | _n0 | ||
| 999 |
_c117456 _d117456 |
||